| 000 | 00959cab a2200193 4500 | ||
|---|---|---|---|
| 001 | ##L134223 | ||
| 008 | 060718n2006 000 0 eng u | ||
| 035 | _a(Sirsi) u134223 | ||
| 041 | 0 | _aeng | |
| 100 | 1 | _aPearson, David | |
| 245 | 0 | 0 | _aEstablishing and keeping effective records |
| 260 | _c2006 | ||
| 490 | 0 |
_aFacilities Management _v13(10) July 2006, 22-23(2) |
|
| 520 | _aAdvises on best practice in records management as an essential part of contract management. Argues that good records are essential in dispute resolution, business continuity, achievement of standards, communication and decision-making. Discusses the standards for records management, the business benefits accrued, and the creation and capture of records, with particular attention paid to e-mail communications. | ||
| 590 | _aIKA180706 | ||
| 650 | 2 | 4 | _aBS ISO 15489-1: 2001 |
| 690 | _aMANAGEMENT-BUSINESS MANAGEMENT-INFORMATION MANAGEMENT-DOCUMENT MANAGEMENT | ||
| 942 | _n0 | ||
| 999 |
_c77415 _d77415 |
||